Trouvez l'intrus #1 - Pays - Statistiques

Statistiques générales
  • Ce quiz a été pris 86 fois
  • Le résultat moyen est 7 sur 20
Statistiques - réponses
Question Réponse % Correct
Ces pays ont plusieurs langues officielles Qatar
71%
Ces pays ont du rouge sur leur drapeau Sainte Lucie
69%
Ces pays détiennent de manière officielle l'arme atomique Inde
60%
Ces pays furent sous tutelle française Nigeria
57%
Ces pays sont parmi les 20 plus petits du monde Dominique
52%
Ces pays ont une capitale en deux mots Birmanie
51%
Ces pays n'ont pas d'accès à la mer Syrie
49%
Ces pays furent sous tutelle anglaise Angola
43%
Ces pays ont accueilli une coupe du monde de football Portugal
43%
Ces pays possèdent une des 7 merveilles du monde moderne Egypte
34%
Ces pays ont au moins 100 millions d'habitants Turquie
32%
Ces pays furent sous tutelle portugaise Guinée équatoriale
27%
Ces pays ont une superficie de plus de 100 000 km² Hongrie
25%
Ces pays étaient des puissance Alliées de la Seconde Guerre Mondiale Iran
23%
Ces pays ont exactement 5 pays frontaliers Mauritanie
23%
Ces pays furent sous tutelle américaine Kiribati
22%
Ces pays ont accueilli des JO d'été Argentine
21%
Ces pays sont dans le top 10 des plus touristiques du monde Japon
19%
Ces pays sont les plus pauvres de leur continent (PIB par habitant) Somalie
13%
Ces pays ont accueilli des JO d'hiver Suède
9%
Aucun quiz correspondant
Distribution des résultats
% des personnes avec chaque résultat
Percentile par nombre de réponses
Votre historique - résultats
Vous n’avez pas pris ce quiz